[Event "Bratto op 26th"]
[Site "Bratto"]
[Date "2006.08.24"]
[Round "6"]
[White "Piva, Giorgio"]
[Black "Paolinelli, Giacomo"]
[Result "1-0"]
[WhiteElo "2129"]
[BlackElo "2023"]
[PlyCount "79"]
[EventDate "2006.08.19"]
[EventType "swiss"]
[EventRounds "9"]
[EventCountry "ITA"]
[SourceTitle "CBM 113 Extra"]
[Source "ChessBase"]
[SourceDate "2006.09.14"]
[SourceVersion "1"]
[SourceVersionDate "2006.09.14"]
[SourceQuality "1"]

1. d4 d5 2. Bf4 c6 3. Nf3 Nf6 4. e3 Qb6 5. Qc1 Bf5 6. Nbd2 e6 7. c4 Nbd7 8. c5 Qd8 9. h3 h6 10. b4 a6 11. Be2 g5 12. Bh2 Bg7 13. 0-0 0-0 14. a4 Ne4 15. Nb3 h5 16. Nfd2 Nxd2 17. Qxd2 g4 18. hxg4 hxg4 19. Na5 Qh4 20. Nxb7 Nf6 21. Nd6 Rfd8 22. Bg3 Qh7 23. Nxf5 exf5 24. Bd3 Ne4 25. Bxe4 fxe4 26. b5 axb5 27. axb5 cxb5 28. Qe2 b4 29. Rab1 Rdc8 30. Qxg4 Rc6 31. Bd6 Re8 32. Qd7 Rcc8 33. Rxb4 Rcd8 34. Qh3 Bh6 35. Rfb1 Qg6 36. Rb6 Re6 37. Rb8 Ree8 38. Rxd8 Rxd8 39. Rb6 Qh7 40. Be7 1-0

[Event "Bratto op 26th"]
[Site "Bratto"]
[Date "2006.08.19"]
[Round "1"]
[White "Paolinelli, Giacomo"]
[Black "Cugini, Verter"]
[Result "1-0"]
[WhiteElo "2017"]
[BlackElo "2209"]
[PlyCount "87"]
[EventDate "2006.08.19"]
[EventType "swiss"]
[EventRounds "9"]
[EventCountry "ITA"]
[SourceTitle "CBM 113 Extra"]
[Source "ChessBase"]
[SourceDate "2006.09.14"]
[SourceVersion "1"]
[SourceVersionDate "2006.09.14"]
[SourceQuality "1"]

1. e4 e6 2. d3 b5 3. Nf3 Bb7 4. Nbd2 c5 5. g3 d5 6. Bg2 dxe4 7. dxe4 Nc6 8. Qe2 Qb6 9. c3 Nf6 10. 0-0 Be7 11. e5 Nd7 12. b3 0-0 13. Re1 Rfd8 14. Nf1 a5 15. Bf4 a4 16. h4 axb3 17. axb3 Na5 18. Rab1 Nf8 19. Ne3 Rd7 20. h5 Rad8 21. Ng4 Rd3 22. Rec1 b4 23. Ne3 Rxc3 24. Rxc3 bxc3 25. Qc2 Qb4 26. Nd1 Bd5 27. Nxc3 Bxb3 28. Qb2 c4 29. Bd2 Qb6 30. Ra1 Bc5 31. Ne4 Nb7 32. Nxc5 Qxc5 33. Bc3 Qc8 34. Nd4 Nc5 35. Nc6 Re8 36. Ra7 Na4 37. Qa1 Nxc3 38. Qxc3 Kh8 39. Rxf7 Ba4 40. Qb4 Bxc6 41. Bxc6 Rd8 42. Bb7 Qb8 43. Qe7 Re8 44. Qg5 1-0

[Event "EU-ch U14"]
[Site "Herceg Novi"]
[Date "2005.09.18"]
[Round "5"]
[White "Paolinelli, Giacomo"]
[Black "Khandelwal, Ankush"]
[Result "1-0"]
[WhiteElo "2042"]
[BlackElo "1964"]
[PlyCount "91"]
[EventDate "2005.09.14"]
[EventType "swiss"]
[EventRounds "9"]
[EventCountry "YUG"]
[SourceTitle "CBM 108 Extra"]
[Source "ChessBase"]
[SourceDate "2005.11.04"]
[SourceVersion "1"]
[SourceVersionDate "2005.11.04"]
[SourceQuality "1"]

1. e4 e5 2. d4 Nc6 3. d5 Nce7 4. Nc3 g6 5. g3 d6 6. Bg2 Nh6 7. Bg5 f5 8. Qd2 Nf7 9. Be3 Bg7 10. f3 Bd7 11. 0-0-0 b5 12. h4 h6 13. f4 a5 14. h5 g5 15. Nf3 b4 16. Ne2 fxe4 17. Nh2 b3 18. cxb3 a4 19. a3 axb3 20. Bxe4 Ra4 21. Nc3 exf4 22. Nxa4 fxe3 23. Qb4 0-0 24. Nc3 Nf5 25. Rhg1 Qf6 26. Ng4 Qe7 27. Rde1 Ne5 28. Nxe3 Nxe3 29. Rxe3 Qf7 30. Re2 Bg4 31. Rd2 Qxh5 32. Rh1 Qxh1+ 33. Bxh1 Rf1+ 34. Nd1 Rxh1 35. a4 Rf1 36. Qxb3 Bf5 37. a5 Rf3 38. Qb8+ Kh7 39. a6 Nd7 40. a7 Rxg3 41. Qxc7 Nc5 42. Qxc5 dxc5 43. a8Q Be5 44. Qb7+ Kg6 45. Qc6+ Kg7 46. Rf2 1-0

[Event "Bratto op 25th"]
[Site "Bratto"]
[Date "2005.08.28"]
[Round "9"]
[White "Kidane, Robel"]
[Black "Paolinelli, Giacomo"]
[Result "1/2-1/2"]
[WhiteElo "2120"]
[BlackElo "2042"]
[PlyCount "48"]
[EventDate "2005.08.20"]
[EventType "swiss"]
[EventRounds "9"]
[EventCountry "ITA"]
[SourceTitle "CBM 108 Extra"]
[Source "ChessBase"]
[SourceDate "2005.11.04"]
[SourceVersion "1"]
[SourceVersionDate "2005.11.04"]
[SourceQuality "1"]

1. e4 e5 2. Nf3 Nf6 3. Nxe5 d6 4. Nf3 Nxe4 5. d4 d5 6. Bd3 Bd6 7. 0-0 0-0 8. c4 c6 9. h3 Re8 10. Nc3 Nxc3 11. bxc3 h6 12. cxd5 cxd5 13. c4 dxc4 14. Bxc4 Nd7 15. Bb2 Nf6 16. Kh1 a6 17. Qd3 Ne4 18. Rae1 Bf5 19. Qb3 Qd7 20. Rd1 Bxh3 21. Bxf7+ Qxf7 22. Qxf7+ Kxf7 23. gxh3 Rac8 24. Ne1 Rc4 1/2-1/2

[Event "Bratto op 25th"]
[Site "Bratto"]
[Date "2005.08.24"]
[Round "5"]
[White "Miatello, Alberto"]
[Black "Paolinelli, Giacomo"]
[Result "1-0"]
[WhiteElo "2095"]
[BlackElo "2042"]
[PlyCount "53"]
[EventDate "2005.08.20"]
[EventType "swiss"]
[EventRounds "9"]
[EventCountry "ITA"]
[SourceTitle "CBM 108 Extra"]
[Source "ChessBase"]
[SourceDate "2005.11.04"]
[SourceVersion "1"]
[SourceVersionDate "2005.11.04"]
[SourceQuality "1"]

1. e4 e5 2. Nf3 Nf6 3. Nxe5 d6 4. Nc4 Nxe4 5. d4 d5 6. Ne3 Be7 7. Nd2 Nxd2 8. Bxd2 Be6 9. Bd3 Nd7 10. f4 Nb6 11. f5 Bd7 12. Qf3 Bc6 13. b3 Bf6 14. c3 Qd7 15. a4 a5 16. 0-0 0-0 17. Ng4 Qd8 18. Nxf6+ Qxf6 19. Qg3 h6 20. Bf4 Nd7 21. h4 Rac8 22. Be5 Nxe5 23. dxe5 Qe7 24. f6 Qc5+ 25. Kh1 g6 26. Bxg6 Kh8 27. Qf4 1-0

[Event "Bratto op 25th"]
[Site "Bratto"]
[Date "2005.08.21"]
[Round "2"]
[White "Salami, Marco"]
[Black "Paolinelli, Giacomo"]
[Result "1-0"]
[WhiteElo "2221"]
[BlackElo "2042"]
[PlyCount "89"]
[EventDate "2005.08.20"]
[EventType "swiss"]
[EventRounds "9"]
[EventCountry "ITA"]
[SourceTitle "CBM 108 Extra"]
[Source "ChessBase"]
[SourceDate "2005.11.04"]
[SourceVersion "1"]
[SourceVersionDate "2005.11.04"]
[SourceQuality "1"]

1. e4 e5 2. f4 Bc5 3. Nf3 d6 4. Nc3 Nf6 5. Bc4 Nc6 6. d3 Bg4 7. Na4 Bb6 8. Nxb6 axb6 9. c3 exf4 10. Bxf4 0-0 11. 0-0 Na5 12. Bb5 Nc6 13. h3 Bxf3 14. Qxf3 Ne5 15. Bxe5 dxe5 16. Bc4 Qe7 17. Kh1 c6 18. a4 Ne8 19. Qf2 c5 20. Qg3 Nd6 21. Bd5 Ra5 22. b4 Raa8 23. Qe3 Rac8 24. Rf2 Rc7 25. Raf1 Kh8 26. bxc5 bxc5 27. d4 cxd4 28. cxd4 Kg8 29. Qg3 Re8 30. Rxf7 Nxf7 31. Rxf7 Qxf7 32. Bxf7+ Rxf7 33. d5 Rf4 34. Qd3 Rd8 35. Qc4 h6 36. Qc7 Re8 37. d6 Rff8 38. Qxb7 Ra8 39. Qd5+ Kh8 40. a5 Rfe8 41. Qb5 Rab8 42. d7 Red8 43. Qxe5 Kh7 44. Qe7 Ra8 45. e5 1-0